City editor.

Bibliographic Details
Main Author: Walker, Stanley, 1898-
Format: Book
Language:English
Published: [Place of publication not identified] : Frederick A. Stokes company, [1934]
Subjects:

MARC

Tag First Indicator Second Indicator Subfields
LEADER 00000cam a2200000 4500
001 in00000060350
005 20151007082540.0
008 720620s1934 eng u
010 |a  34034182  
035 |a (OCoLC)00336580 
035 |9 AAF8047AM 
040 |c WSU  |d TXA  |d UtOrBLW 
049 |a TXAM  |c 1 [87706], 2 [163660], 3 [A09014744] 
050 0 |a PN4784.C62  |b W3 
092 |a 070.4  |b W184c 
100 1 |a Walker, Stanley,  |d 1898- 
245 1 0 |a City editor. 
264 1 |a [Place of publication not identified] :  |b Frederick A. Stokes company,  |c [1934] 
264 4 |c [©1934] 
300 |a 336 pages 
336 |a text  |b txt  |2 rdacontent 
337 |a unmediated  |b n  |2 rdamedia 
338 |a volume  |b nc  |2 rdacarrier 
650 0 |a Newspapers. 
650 0 |a Journalism. 
999 |a MARS 
999 f f |s 90370a1f-8abb-3886-a9a3-a51484efc1d7  |i 4b734384-80b7-373c-85e6-f2abb5d89e48  |t 0 
952 f f |p ric  |a Texas A&M University  |b Rellis Campus  |c Joint Library Facility  |s JLF  |d Remote Storage  |t 0  |e PN4784.C62 W3  |h Library of Congress classification  |i unmediated -- volume  |m A14800500887 
998 f f |a PN4784.C62 W3  |t 0  |l Remote Storage